[Event "Titled Tuesday intern op 24th May Early"]
[Site "Chess.com INT"]
[Date "2022.05.24"]
[Round "3"]
[White "Suleymanli, Suleyman"]
[Black "Kowalysko, Roman"]
[Result "1-0"]
[WhiteElo "2318"]
[BlackElo "1957"]
[PlyCount "117"]
[EventDate "2022.05.24"]
[EventType "swiss (blitz)"]
[EventRounds "11"]
[EventCountry "USA"]
[SourceTitle "EXT 2023"]
[Source "ChessBase"]
[SourceDate "2022.10.05"]
[SourceVersion "1"]
[SourceVersionDate "2022.10.05"]
[SourceQuality "1"]

1. d4 Nf6 2. c4 e5 3. dxe5 Ng4 4. e4 h5 5. Nf3 Bc5 6. Nd4 Nc6 7. Be3 Nxe3 8. fxe3 Qh4+ 9. g3 Qxe4 10. Qf3 Qxe5 11. Nxc6 dxc6 12. Nc3 Bxe3 13. Be2 Bg4 14. Qe4 Qxe4 15. Nxe4 Bxe2 16. Kxe2 Bd4 17. Rad1 0-0-0 18. b3 Rhe8 19. Kf3 f5 20. Ng5 Bf6 21. Nh3 g5 22. Nf2 Rxd1 23. Nxd1 Rd8 24. Ne3 Rd3 25. Ke2 Rc3 26. Kd2 f4 27. Nd1 fxg3 28. Nxc3 Bxc3+ 29. Kxc3 Kd7 30. hxg3 h4 31. gxh4 gxh4 32. Rxh4 c5 33. Rh7+ Kc6 34. a3 b6 35. b4 cxb4+ 36. axb4 Kb7 37. b5 a5 38. bxa6+ Kxa6 39. Rxc7 b5 40. c5 b4+ 41. Kc4 b3 42. Rc6+ Kb7 43. Rb6+ Kc7 44. Rxb3 Kc6 45. Rb6+ Kc7 46. Kd5 Kd7 47. Rb7+ Kc8 48. c6 Kd8 49. Kd6 Ke8 50. Rb1 Kf8 51. Rb8+ Kf7 52. c7 Kf6 53. c8Q Kg6 54. Qe6+ Kg5 55. Rg8+ Kf4 56. Rg4+ Kf3 57. Qe4+ Kf2 58. Rg2+ Kf1 59. Qe2# 1-0